|
|
|
|
| LEADER |
00000nam0a2200000 4500 |
| 001 |
376859 |
| 005 |
20250204112856.0 |
| 035 |
|
|
|a (RuTPU)RU\TPU\retro\34301
|
| 035 |
|
|
|a RU\TPU\retro\34255
|
| 090 |
|
|
|a 376859
|
| 100 |
|
|
|a 20230119d1900 k y0engy50 ba
|
| 101 |
0 |
|
|a eng
|
| 102 |
|
|
|a US
|
| 105 |
|
|
|a f z 001zy
|
| 200 |
1 |
|
|a Adephagous and clavicorn Coleoptera from the Tertiary deposits at florissant, Colorado with descriptions of a few other forms and systematic list of the non-rhynchophorous Tertiary Coleoptera of North America
|f S. H. Scudder
|g Department of the Interior
|
| 210 |
|
|
|a Washington
|c Governmext Printing Office
|d 1900
|
| 215 |
|
|
|a 148 p.
|c il.
|
| 225 |
1 |
|
|a Monographs of the United States Geological Survey
|v Vol. 40
|
| 320 |
|
|
|a Index: p.143-148
|
| 606 |
1 |
|
|a Жесткокрылые
|2 stltpush
|3 (RuTPU)RU\TPU\subj\10821
|9 37841
|
| 606 |
1 |
|
|a Третичные отложения
|2 stltpush
|3 (RuTPU)RU\TPU\subj\61574
|9 78762
|
| 610 |
1 |
|
|a палеонтология
|
| 610 |
1 |
|
|a стратиграфия
|
| 610 |
1 |
|
|a США
|
| 610 |
1 |
|
|a Америка
|
| 610 |
1 |
|
|a штат Колорадо
|
| 610 |
1 |
|
|a третичный период
|
| 610 |
1 |
|
|a кайнозой
|
| 610 |
1 |
|
|a кайнозойская эра
|
| 610 |
1 |
|
|a ископаемые насекомые
|
| 610 |
1 |
|
|a ископаемые жуки
|
| 610 |
1 |
|
|a окаменелости
|
| 610 |
1 |
|
|a отложения
|
| 610 |
1 |
|
|a палеонтологические исследования
|
| 610 |
1 |
|
|a описание
|
| 610 |
1 |
|
|a виды
|
| 610 |
1 |
|
|a английский язык
|
| 610 |
1 |
|
|a Коллекция кафедры общей геологии
|
| 675 |
|
|
|a 565
|v 4
|
| 675 |
|
|
|a 551.78
|v 4
|
| 700 |
|
1 |
|a Scudder
|b S. H.
|g Samuel Hubbard
|
| 712 |
0 |
2 |
|a Department of the Interior
|
| 801 |
|
1 |
|a RU
|b 63413507
|c 20230117
|
| 801 |
|
2 |
|a RU
|b 63413507
|c 20230314
|g RCR
|
| 942 |
|
|
|c BK
|